| 000 | 00807nam a22002417a 4500 | ||
|---|---|---|---|
| 005 | 20140313100406.0 | ||
| 008 | 131216b xxu||||| |||| 00| 0 eng d | ||
| 020 | _a9780071742436 | ||
| 050 |
_aHF 5549.5.M63 _b.D52 2010 |
||
| 100 | _aDiamond, Harriet. | ||
| 245 |
_aPerfect phrases for motivating and rewarding employees : _bhundreds of ready-to-use phrases for encouraging and recognizing employee excellence / _cHarriet Diamond, Linda Eve Diamond. |
||
| 250 | _a2nd ed. | ||
| 260 |
_aNew York : _bMcGraw-Hill, _c2010. |
||
| 300 |
_axii, 159 p. ; _c21 cm. |
||
| 521 | _aBSBA | ||
| 650 | _aEmployee motivation. | ||
| 650 | _aIncentive awards. | ||
| 650 |
_aEmployees _xRating of. |
||
| 700 |
_aDiamond, Linda Eve _eauthor. |
||
| 942 |
_2lcc _cBK _kFOR |
||
| 999 |
_c25799 _d25799 |
||